00926cam a2200241 a 4500999001500000001000500015003000900020005001700029008004100046020001500087040002800102082001600130245013400146260005200280300004600332504006600378650003300444650002800477651003100505700002200536942001200558952011400570 c3239d32397161BD-DhUAP20200303104705.0200303s1997 bg ab b 001 0 eng  a9845123457 aDLCcDLCdBD-DhUAPbEng00223a934 GAW00aGawr-Lakhnawati :ba survey of historical monuments and sites in Bangladesh, SHMSB 002 /cEdited by A. B. M. Husain ... [et al.]. aDhaka :bAsiatic Society of Bangladesh,cc1997. axiv, 175 pages :billustrations ;c24 cm. aIncludes bibliographical references (p. [167]-169) and index. 0aHistoric siteszIndiazGaur. 0aMonumentszIndiazGaur. 0aGaur (India)xAntiquities.1 aHusain, A. B. M., 2ddccBK 00102ddc4070aUAPCLbUAPCLcGeneral Stacksd2020-03-03o934 GAWp3010007161r2020-03-03t1w2020-03-03yBK